Game of Thrones Iron Island Houses (Mega Edition) - Statistics

General Stats
  • This quiz has been taken 31 times
  • The average score is 14 of 28
Answer Stats
Answer % Correct
Greyjoy
100%
Harlaw
76%
Blacktyde
64%
Goodbrother
64%
Hoare
64%
Botley
60%
Drumm
60%
Saltcliffe
60%
Farwynd
56%
Merlyn
56%
Codd
52%
Greyiron
52%
Orkwood
48%
Sunderly
48%
Volmark
48%
Wynch
48%
Ironmaker
44%
Myre
44%
Humble
40%
Sparr
40%
Kenning
36%
Sharp
36%
Stonehouse
36%
Weaver
36%
Netley
32%
Stonetree
32%
Tawney
32%
Sheperd
4%
No matching quizzes found
Score Distribution
Percent of People with Each Score
Percentile by Number Answered
Your Score History
You have not taken this quiz